Les caractères ou les Moeurs de ce siècle : (Record no. 251492)
[ view plain ]
| 000 -LEADER | |
|---|---|
| fixed length control field | 01161cam a22002291 4500 |
| 001 - CONTROL NUMBER | |
| control field | 000678130 |
| 003 - CONTROL NUMBER IDENTIFIER | |
| control field | AM-YeHGA |
| 005 - DATE AND TIME OF LATEST TRANSACTION | |
| control field | 20250617142123.0 |
| 008 - FIXED-LENGTH DATA ELEMENTS--GENERAL INFORMATION | |
| fixed length control field | 810826s1934 fr 000 0 fre d |
| 040 ## - CATALOGING SOURCE | |
| Original cataloging agency | AM-YeHGA |
| 041 0# - LANGUAGE CODE | |
| Language code of text/sound track or separate title | fre |
| 090 ## - LOCALLY ASSIGNED LC-TYPE CALL NUMBER (OCLC); LOCAL CALL NUMBER (RLIN) | |
| -- | 253090 |
| 100 1# - MAIN ENTRY--PERSONAL NAME | |
| Personal name | La Bruyère, Jean de, |
| Dates associated with a name | 1645-1696. |
| 245 14 - TITLE STATEMENT | |
| Title | Les caractères ou les Moeurs de ce siècle : |
| Remainder of title | (Extraits) / |
| Statement of responsibility, etc. | La Bruyère ; avec une notice biographique, une notice historique et littéraire, des notices explicatives, des jugements, un questionnaire et des sujets de devoirs par René Ternois. |
| 260 ## - PUBLICATION, DISTRIBUTION, ETC. | |
| Place of publication, distribution, etc. | Paris : |
| Name of publisher, distributor, etc. | Librairie Larousse, |
| Date of publication, distribution, etc. | [1934]. |
| 300 ## - PHYSICAL DESCRIPTION | |
| Extent | v. : |
| Other physical details | portr. |
| 440 #0 - SERIES STATEMENT/ADDED ENTRY--TITLE | |
| Title | Classiques Larousse |
| 505 00 - FORMATTED CONTENTS NOTE | |
| Miscellaneous information | 1. (94 p.) : |
| Title | ...avec une notice biographique, une notice historique et littéraire, des notices explicatives, des jugements, un questionnaire et des sujets de devoirs / |
| Statement of responsibility | par René Ternois ; |
| Miscellaneous information | 2. (107 p.) : |
| Title | ...avec une notice historique et littéraire, des notes explicatives, des judgements, un questionnaire et des sujets de devoirs / |
| Statement of responsibility | par René Ternois |
| 650 14 - SUBJECT ADDED ENTRY--TOPICAL TERM | |
| Topical term or geographic name entry element | Characters and characteristics. |
| 700 1# - ADDED ENTRY--PERSONAL NAME | |
| Personal name | Ternois, René |
| Relationship | aft |
| 942 ## - ADDED ENTRY ELEMENTS (KOHA) | |
| Source of classification or shelving scheme | Universal Decimal Classification |
| Koha item type | Գրքեր / Books |
| Withdrawn status | Lost status | Source of classification or shelving scheme | Damaged status | Not for loan | Collection | Home library | Current library | Date acquired | Serial enumeration / chronology | Total checkouts | Full call number | Barcode | Date last seen | Price effective from | Koha item type | Public note |
|---|---|---|---|---|---|---|---|---|---|---|---|---|---|---|---|---|
| Universal Decimal Classification | Merdinian Individual Collection | Fundamental Scientific Library | Fundamental Scientific Library | 29/12/2016 | 1. | Merd/193 | FL0123682 | 29/12/2016 | 29/12/2016 | Գրքեր / Books | ILL Non-Circ. | |||||
| Universal Decimal Classification | Merdinian Individual Collection | Fundamental Scientific Library | Fundamental Scientific Library | 29/12/2016 | 2. | Merd/194 | FL0123683 | 29/12/2016 | 29/12/2016 | Գրքեր / Books | ILL Non-Circ. | |||||
| Universal Decimal Classification | Merdinian Individual Collection | Fundamental Scientific Library | Fundamental Scientific Library | 19/04/2022 | 2. | Merd/1611 | FL0170641 | 19/04/2022 | 29/12/2016 | Գրքեր / Books | ILL Non-Circ. |
ՀՀ Գիտությունների ազգային ակադեմիայի հիմնարար գիտական գրադարան = Fundamental Scientific Library of NAS RA
All site content, except where otherwise noted, is licensed under a